Mort subite : Extrême Capitales et pays du monde - Statistiques

Statistiques générales
  • Ce quiz a été pris 336 fois
  • Le résultat moyen est 8 sur 28
Answers on the Grid
Answers color-coded by a green-red scale on the quiz's grid according to % correct below.
Melekoek - Palaos
Yaren - Yemen
La Valette - Cuba
Vatocan - Saint-Marin
Funafuti - Tuvalu
Vaduz - Belize
Saint-Georges - Guyana
Palikir - Pakistan
Basseterre - Gabon
Roseau - Saint-Christophe-et-Niévès
Belmopan - Micronésie
Nuku'alofa - Fidji
Saint-John's - Antigua-et-Barbuda
Andorre-la-vieille - Andorre
Delap-Uliga-Darrit - Brunei
Bandar Seri Begawan - Iles Marshall
Victoria - Seychelles
Tarawa-Sud - Kiribati
Monaco - Monaco
Port-Vila - Vanuatu
Apia - Tonga
Kingstown - Jamaïque
Port d'Espagne - Saint-Vincent-et-les-Grenadines
São Tome - São Tomé-et-Principe
Dili - Timor-Oriental
Honiara - Salomon
Castries - Comores
Moroni - Sainte-Lucie
Mbabane - Eswatini
Suva - Fidji
Thimphu - Maldives
Malabo - Guinée équatoriale
Podgorica - Monténégro
Malé - Maldives
Bridgetown - Barbade
Reykjavik - Islande
Manama - Bahrein
Sri Jayawardenapura Kotte - Sri Lanka
Luxembourg - Luxembourg
Praia - Guyana
Georgetown - Cap vert
Saint-Marin - Sainte-Lucie
Porto-Novo - Kosovo
Vaduz - Liechtenstein
Banjul - Bénin
Port-Louis - Maurice
Gaborone - Bahamas
Nassau - Bahamas
Paramaribo - Suriname
Maseru - Lesotho
 
Statistiques - réponses
Réponse % Correct
Monaco - Monaco
67%
Andorre-la-vieille - Andorre
63%
Reykjavik - Islande
45%
Funafuti - Tuvalu
41%
Luxembourg - Luxembourg
41%
Victoria - Seychelles
40%
São Tome - São Tomé-et-Principe
36%
Vaduz - Liechtenstein
35%
Nassau - Bahamas
32%
Podgorica - Monténégro
32%
Port-Louis - Maurice
31%
Sri Jayawardenapura Kotte - Sri Lanka
31%
Dili - Timor-Oriental
30%
Malé - Maldives
30%
Port-Vila - Vanuatu
30%
Saint-John's - Antigua-et-Barbuda
29%
Paramaribo - Suriname
27%
Suva - Fidji
27%
Maseru - Lesotho
23%
Mbabane - Eswatini
23%
Manama - Bahrein
22%
Bridgetown - Barbade
21%
Malabo - Guinée équatoriale
21%
Tarawa-Sud - Kiribati
20%
Melekoek - Palaos
19%
Honiara - Salomon
18%
Roseau - Saint-Christophe-et-Niévès
10%
Vaduz - Belize
5%
Aucun quiz correspondant
Distribution des résultats
% des personnes avec chaque résultat
Percentile par nombre de réponses
Votre historique - résultats
Vous n’avez pas pris ce quiz